000 01039 a2200229 4500
003 Nust
005 20220726102507.0
010 _a 99016243
020 _a0521651689 (hard)
020 _a0521657059 (pbk.)
040 _cNust
082 0 0 _a004.22,GRA
100 1 _aCragon, Harvey G.
_995134
245 1 0 _aComputer architecture and implementation /
_cHarvey G. Cragon.
260 _aCambridge ;
_aNew York :
_bCambridge University Press,
_c2000.
300 _ax, 317 p. :
_bill. ;
_c26 cm.
505 _aComputer Overview (Page-1), Performance Models and Evaluation (Page-26), User Instruction (Page-50), Memory Systems (Page-131), Processors Control Design (Page-183), Pipelined Processors (Page-204), Input /output (Page-241), Extended Instruction Set Architectures (Page-275).
650 0 _aComputer architecture.
856 4 1 _3Publisher description
_uhttp://www.loc.gov/catdir/description/cam029/99016243.html
856 4 1 _3Table of contents
_uhttp://www.loc.gov/catdir/toc/cam024/99016243.html
942 _2ddc
_cBK
_k004.22,GRA
999 _c176248
_d176248